000 01028cam a2200301 a 4500
999 _c23127
_d23127
001 14759443
003 OSt
005 20200320142807.0
008 070306s2005 inua b 001 0beng d
020 _a9789839154177
040 _coclc
043 _aa-su---
082 _a297.63
_bHAY/L
100 _aHaykal, Muhammad Husayn
_d1888-1956.
_91882
240 1 0 _aḤayāt Muḥammad.
_lEnglish
245 1 4 _aThe life of Muḥammad /
_cMuḥammad Ḥusayn Haykal
260 _aKuala Lumpur:
_bIslamic Book Trust,
_c2008.
300 _a666p
_bill. ;
_c23 cm.
500 _aTranslation of: Ḥayāt Muḥammad.
504 _aIncludes bibliographical references and index.
600 0 0 _aMuḥammad,
_cProphet,
_d-632.
650 0 _aMuslims
_zSaudi Arabia
_vBiography.
650 1 7 _aIslam.
_2gtt
700 1 _aAl-Faruqi, Ismaʼil R.,
_d1921-1986.
906 _a7
_bcbc
_ccopycat
_d2
_encip
_f20
_gy-gencatlg
942 _2ddc
_cBK
_h297.63
_iHAY/L
_k297.63
_mHAY/L